01394nam a22002537a 45000010005000000030006000050050017000110080041000280400029000690500016000980820011001141000023001252450096001482500036002442600051002803000058003314900022003895050007004115200599004185210028010175210018010456500035010637000042010987087FISKH20250620133432.0250620b cb ||||| |||| 00| 0 eng d aFISKHbengcFISKHdFISKH aSF75.5 .H39 a268.8  aHayes, Sue Turner  aGod made farm animals /cWritten by Sue Turner Hayes ; Photography by Robert Cushman Hayes  aThis edition published in 1989. aOhio : bStandard Publishing Company, c1984.  a24 unnumbered pages : bcolor illustrations ; c21 cm aA happy day book  aF  aGod Made Farm Animals is a charming Christian-themed picture book that introduces young children to the animals commonly found on a farm—like cows, pigs, chickens, and sheep. Through simple, rhyming text and colorful photos, the book emphasizes that each animal is a special creation made by God. It teaches children to appreciate the beauty, uniqueness, and purpose of each farm animal while reinforcing the message that God's creativity is seen in all living things. The tone is gentle and affirming, making it ideal for preschoolers and early readers learning about both nature and faith.8 a300 bLexile estimate 8 aF bRaz-Plus  aAnimalsvFarming GodxLearning aHayes, Robert Cushman eillustrator